Countries Closest to El Salvador - Statistics

General Stats
  • This quiz has been taken 87 times
  • The average score is 17 of 20
Answer Stats
Distance (mi) Answer Distance (km) % Correct
0 Honduras 0
97%
0 Guatemala 0
96%
128 Mexico 206
94%
403 Colombia 649
93%
194 Costa Rica 313
91%
100 Belize 161
90%
6 Nicaragua 9
90%
407 Panama 658
90%
805 United States 1,295
90%
578 Cuba 931
89%
1,008 Venezuela 1,623
89%
1,235 Peru 1,988
87%
1,093 Dominican Republic 1,759
86%
934 Haiti 1,503
86%
692 Jamaica 1,114
86%
828 Ecuador 1,333
84%
830 Bahamas 1,336
77%
1,310 Clipperton Island (France) 2,108
60%
563 Cayman Islands (United Kingdom) 905
59%
1,187 Aruba (Netherlands) 1,911
54%
No matching quizzes found
Score Distribution
Percent of People with Each Score
Percentile by Number Answered
Your Score History
You have not taken this quiz